000
00286nam a2200121Ia 4500
008
190723s9999 xx 000 0 und d
020
_a
978-93-313-2150-3
100
_a
S.R Singh
245
0
_a
Advanced Economic Theory
260
_a
New Delhi
_b
APH
_c
2014
300
_a
292.:p
942
_c
BK
999
_c
1671
_d
1671